[Event "52nd National Challengers (National â€˜Bâ€™) Chess Cha"]
[Site "Indoor Stadium,Dharamshala,Himachal Pradesh,India"]
[Date "2014.05.13"]
[Round "6"]
[Board "12"]
[White "Shyam, Nikil P."]
[Black "Vipul, Subhashi"]
[Result "1-0"]
[WhiteElo "2422"]
[BlackElo "2235"]
[PlyCount "81"]
[EventDate "2014.05.09"]
[EventRounds "13"]
[EventCountry "IND"]

1. Nf3 c5 2. e4 e6 3. d4 cxd4 4. Nxd4 Nc6 5. Nb5 d6 6. c4 e5 7. N1c3 a6 8. Na3
f5 9. exf5 Bxf5 10. Bd3 Bxd3 11. Qxd3 Nf6 12. Nc2 Be7 13. O-O O-O 14. Be3 Nh5
15. Rad1 Qe8 16. Nd5 Bd8 17. Rfe1 Qf7 18. Qe4 Rc8 19. b3 h6 20. Re2 Kh8 21.
Red2 Bg5 22. Bxg5 hxg5 23. Qg4 Rce8 24. Nc3 Qg6 25. Ne4 Nf6 26. Qh3+ Kg8 27.
Nxd6 g4 28. Qe3 Re6 29. c5 Kh8 30. b4 e4 31. Nd4 Re5 32. Nc4 Ree8 33. Nxc6 bxc6
34. Rd6 Qf7 35. Nb6 Nh5 36. Nd7 Rg8 37. Rxc6 Nf4 38. Rcd6 Qf5 39. c6 Rc8 40.
Qc5 Qf7 41. Ne5 1-0

[Event "52nd National Challengers (National â€˜Bâ€™) Chess Cha"]
[Site "Indoor Stadium,Dharamshala,Himachal Pradesh,India"]
[Date "2014.05.13"]
[Round "6"]
[Board "13"]
[White "Girinath, P.D.S."]
[Black "Shyam, Sundar M."]
[Result "1/2-1/2"]
[WhiteElo "2312"]
[BlackElo "2486"]
[PlyCount "70"]
[EventDate "2014.05.09"]
[EventRounds "13"]
[EventCountry "IND"]

1. e4 c5 2. Nf3 Nc6 3. Bb5 e6 4. O-O Nge7 5. Re1 Nd4 6. Bf1 Nec6 7. d3 Nxf3+ 8.
Qxf3 g6 9. Nd2 Bg7 10. Nc4 d6 11. Qg3 O-O 12. f4 b5 13. Ne3 f5 14. exf5 gxf5
15. a4 b4 16. c3 d5 17. Bd2 Na5 18. cxb4 Nb3 19. Rad1 Nxd2 20. Rxd2 cxb4 21. d4
Qb6 22. Nc2 Kh8 23. Qb3 Rb8 24. Red1 Bd7 25. Ne1 Rfc8 26. Nf3 Rc7 27. Re1 Rbc8
28. Qe3 Rc2 29. Bb5 Bxb5 30. axb5 b3 31. Rde2 h6 32. Qxb3 Rxe2 33. Rxe2 Bxd4+
34. Nxd4 Qxd4+ 35. Qe3 Qxe3+ 1/2-1/2

[Event "52nd National Challengers (National â€˜Bâ€™) Chess Cha"]
[Site "Indoor Stadium,Dharamshala,Himachal Pradesh,India"]
[Date "2014.05.13"]
[Round "6"]
[Board "14"]
[White "Venkatesh, M.R."]
[Black "Patil, Pratik"]
[Result "1/2-1/2"]
[WhiteElo "2519"]
[BlackElo "2259"]
[PlyCount "54"]
[EventDate "2014.05.09"]
[EventRounds "13"]
[EventCountry "IND"]

1. e4 c5 2. Nc3 Nc6 3. Bb5 e6 4. Bxc6 bxc6 5. d3 d5 6. f4 g6 7. Nf3 Nf6 8. e5
Nd7 9. O-O Bg7 10. Rb1 O-O 11. Qe1 f6 12. exf6 Qxf6 13. Be3 Qe7 14. Na4 Ba6 15.
Bxc5 Nxc5 16. Qb4 Qb7 17. Qxc5 Rxf4 18. b3 Raf8 19. Qe3 Qf7 20. Rfe1 e5 21.
Nxe5 Bxe5 22. Qxe5 Rf2 23. Rbc1 Rxg2+ 24. Kxg2 Qf2+ 25. Kh1 Qf3+ 26. Kg1 Qf2+
27. Kh1 Qf3+ 1/2-1/2

[Event "52nd National Challengers (National â€˜Bâ€™) Chess Cha"]
[Site "Indoor Stadium,Dharamshala,Himachal Pradesh,India"]
[Date "2014.05.13"]
[Round "6"]
[Board "15"]
[White "Deepan, Chakkravarthy J."]
[Black "Ramnathan, Balasubramaniam"]
[Result "1/2-1/2"]
[WhiteElo "2513"]
[BlackElo "2254"]
[PlyCount "30"]
[EventDate "2014.05.09"]
[EventRounds "13"]
[EventCountry "IND"]

1. e4 e5 2. Nf3 Nf6 3. Nc3 Nc6 4. d4 exd4 5. Nxd4 Bb4 6. Nxc6 bxc6 7. Bd3 d5 8.
exd5 cxd5 9. O-O O-O 10. h3 Be6 11. Ne2 c6 12. Bg5 Be7 13. Nd4 Bd7 14. Re1 Re8
15. Qf3 Ne4 1/2-1/2

[Event "52nd National Challengers (National â€˜Bâ€™) Chess Cha"]
[Site "Indoor Stadium,Dharamshala,Himachal Pradesh,India"]
[Date "2014.05.13"]
[Round "6"]
[Board "16"]
[White "Thejkumar, M. S."]
[Black "Shashikant, Kutwal"]
[Result "1-0"]
[WhiteElo "2460"]
[BlackElo "2240"]
[PlyCount "75"]
[EventDate "2014.05.09"]
[EventRounds "13"]
[EventCountry "IND"]

1. d4 Nf6 2. c4 g6 3. Nc3 Bg7 4. e4 d6 5. Be2 O-O 6. Bg5 c5 7. d5 b5 8. cxb5 a6
9. b6 Qxb6 10. Rb1 e6 11. Nf3 Nbd7 12. dxe6 fxe6 13. O-O Bb7 14. Bc4 Rae8 15.
Re1 Qc6 16. Bb3 Nb6 17. Qd2 d5 18. Ne5 Qc8 19. exd5 c4 20. Bc2 exd5 21. Be3 Qc7
22. Bd4 Ne4 23. Bxe4 dxe4 24. Bxb6 Qxe5 25. Rbd1 Qf5 26. Be3 Rf7 27. Qe2 Qe6
28. Rd2 Be5 29. Red1 Kg7 30. Bd4 Bxd4 31. Rxd4 Ref8 32. Qxc4 Qxc4 33. Rxc4 Rxf2
34. Rc7+ R8f7 35. Rxb7 Rxb7 36. Kxf2 Rxb2+ 37. Kg3 Rc2 38. Rd7+ 1-0

[Event "52nd National Challengers (National â€˜Bâ€™) Chess Cha"]
[Site "Indoor Stadium,Dharamshala,Himachal Pradesh,India"]
[Date "2014.05.13"]
[Round "6"]
[Board "17"]
[White "Singh, D.P."]
[Black "Roy Chowdhury, Saptarshi"]
[Result "1/2-1/2"]
[WhiteElo "2254"]
[BlackElo "2453"]
[PlyCount "51"]
[EventDate "2014.05.09"]
[EventRounds "13"]
[EventCountry "IND"]

1. d4 Nf6 2. Nd2 d6 3. e4 e5 4. Ngf3 exd4 5. Nxd4 Be7 6. Bd3 O-O 7. O-O c5 8.
Ne2 Nc6 9. Nf4 Re8 10. Re1 Bf8 11. c3 Bd7 12. f3 Ne5 13. Bf1 Bc6 14. Nc4 b5 15.
Ne3 Rb8 16. b3 Ng6 17. Nfd5 Nxd5 18. Nxd5 Ne7 19. Nf4 Ng6 20. Nd5 Be7 21. Nxe7+
Qxe7 22. Be3 a5 23. c4 b4 24. a4 Rbd8 25. Qd2 Ne5 26. Rad1 1/2-1/2

[Event "52nd National Challengers (National â€˜Bâ€™) Chess Cha"]
[Site "Indoor Stadium,Dharamshala,Himachal Pradesh,India"]
[Date "2014.05.13"]
[Round "6"]
[Board "18"]
[White "Lokesh, P."]
[Black "Sriram, Jha"]
[Result "1-0"]
[WhiteElo "2253"]
[BlackElo "2403"]
[PlyCount "57"]
[EventDate "2014.05.09"]
[EventRounds "13"]
[EventCountry "IND"]

1. e4 e5 2. Nf3 d6 3. d4 exd4 4. Nxd4 Nf6 5. Nc3 Be7 6. Be2 O-O 7. O-O Re8 8.
f4 Bf8 9. Bf3 c5 10. Nb3 Nc6 11. Be3 Bf5 12. exf5 Rxe3 13. g4 c4 14. Nd2 d5 15.
g5 Qb6 16. Kh1 Qxb2 17. Nxd5 Nxd5 18. Bxd5 Qb5 19. Nxc4 Rc3 20. Rb1 Nb4 21.
Rxb4 Bxb4 22. Ne5 Kf8 23. a4 Qa6 24. Nd7+ Kg8 25. Bxf7+ Kh8 26. Ne5 Bd6 27.
Ng6+ hxg6 28. Rf3 Rcc8 29. Rh3# 1-0

[Event "52nd National Challengers (National â€˜Bâ€™) Chess Cha"]
[Site "Indoor Stadium,Dharamshala,Himachal Pradesh,India"]
[Date "2014.05.13"]
[Round "7"]
[Board "1"]
[White "Karthikeyan, Murali"]
[Black "Grover, Sahaj"]
[Result "1/2-1/2"]
[WhiteElo "2475"]
[BlackElo "2469"]
[PlyCount "29"]
[EventDate "2014.05.09"]
[EventRounds "13"]
[EventCountry "IND"]

1. e4 c5 2. Nf3 d6 3. Bb5+ Nd7 4. d4 cxd4 5. Nxd4 Ngf6 6. Bd3 g6 7. c4 Qb6 8.
Nc2 Bg7 9. Nc3 O-O 10. O-O Nc5 11. Ne3 Be6 12. Rb1 Qc6 13. Ned5 Bxd5 14. exd5
Qd7 15. Be2 1/2-1/2

[Event "52nd National Challengers (National â€˜Bâ€™) Chess Cha"]
[Site "Indoor Stadium,Dharamshala,Himachal Pradesh,India"]
[Date "2014.05.13"]
[Round "7"]
[Board "2"]
[White "Vishnu, Prasanna. V"]
[Black "Vidit, Santosh Gujrathi"]
[Result "1/2-1/2"]
[WhiteElo "2467"]
[BlackElo "2606"]
[PlyCount "59"]
[EventDate "2014.05.09"]
[EventRounds "13"]
[EventCountry "IND"]

1. Nf3 Nf6 2. c4 e6 3. g3 d5 4. Bg2 Be7 5. O-O O-O 6. d4 c6 7. Qc2 b6 8. Nbd2
Bb7 9. e4 Na6 10. e5 Nd7 11. a3 c5 12. cxd5 Bxd5 13. dxc5 Rc8 14. b4 bxc5 15.
b5 Nc7 16. Rb1 Rb8 17. a4 a6 18. bxa6 Nxa6 19. Ne4 Rxb1 20. Qxb1 Qb8 21. Qxb8
Rxb8 22. Nc3 Bxf3 23. Bxf3 Nxe5 24. Be2 Ra8 25. Rd1 Nb4 26. Bf4 Nec6 27. Rd7
Kf8 28. Bb5 Nd4 29. Ne4 e5 30. Be3 1/2-1/2

[Event "52nd National Challengers (National â€˜Bâ€™) Chess Cha"]
[Site "Indoor Stadium,Dharamshala,Himachal Pradesh,India"]
[Date "2014.05.13"]
[Round "7"]
[Board "3"]
[White "Swayams, Mishra"]
[Black "Sethuraman, S.P."]
[Result "1/2-1/2"]
[WhiteElo "2442"]
[BlackElo "2582"]
[PlyCount "52"]
[EventDate "2014.05.09"]
[EventRounds "13"]
[EventCountry "IND"]

1. d4 d5 2. c4 e6 3. Nf3 Nf6 4. Bg5 h6 5. Bxf6 Qxf6 6. Nbd2 Be7 7. e3 O-O 8.
Be2 c5 9. O-O Nc6 10. cxd5 exd5 11. dxc5 Qxb2 12. Qb3 Qf6 13. Rac1 Rd8 14. Rfd1
Rb8 15. Nf1 Bg4 16. Ng3 Bxf3 17. Bxf3 d4 18. Bd5 Na5 19. Qa4 Rxd5 20. Qxa5 Rbd8
21. Rxd4 Rxd4 22. exd4 Qxd4 23. Qxa7 Qd2 24. Rb1 Qc2 25. Qxb7 Bxc5 26. Rf1 Bd4
 1/2-1/2

[Event "52nd National Challengers (National â€˜Bâ€™) Chess Cha"]
[Site "Indoor Stadium,Dharamshala,Himachal Pradesh,India"]
[Date "2014.05.13"]
[Round "7"]
[Board "4"]
[White "Himanshu, Sharma"]
[Black "Lalith, Babu M.R."]
[Result "1/2-1/2"]
[WhiteElo "2350"]
[BlackElo "2571"]
[PlyCount "103"]
[EventDate "2014.05.09"]
[EventRounds "13"]
[EventCountry "IND"]

1. Nf3 Nf6 2. d4 e6 3. e3 b6 4. Bd3 Bb7 5. O-O Be7 6. Nbd2 c5 7. b3 Nc6 8. Bb2
Qc7 9. c4 O-O 10. Rc1 Rfd8 11. Qe2 Rac8 12. e4 cxd4 13. Nxd4 Ne5 14. Bb1 Ng6
15. g3 d6 16. a3 Qc5 17. b4 Qh5 18. Qxh5 Nxh5 19. Rfe1 Nf6 20. N4b3 Rc7 21. f4
Nd7 22. Nf3 Bf6 23. Bxf6 Nxf6 24. Bd3 Rdc8 25. Kf2 e5 26. f5 Ne7 27. Nfd2 g6
28. h3 gxf5 29. exf5 h5 30. c5 Rd8 31. cxd6 Rxc1 32. Nxc1 Rxd6 33. Nc4 Rc6 34.
Rxe5 Rc7 35. Nd6 Ba8 36. Ne2 Kf8 37. Nb5 Rd7 38. Nf4 Ned5 39. Nxd5 Bxd5 40. Re3
a5 41. bxa5 bxa5 42. Nc3 Bb7 43. Ke1 Bg2 44. Bf1 Bxf1 45. Kxf1 Rd2 46. Kg1 Kg7
47. Ne4 Nxe4 48. Rxe4 Rd3 49. Ra4 Rxg3+ 50. Kh2 h4 51. Rxa5 Kf6 52. Ra4 1/2-1/2

[Event "52nd National Challengers (National â€˜Bâ€™) Chess Cha"]
[Site "Indoor Stadium,Dharamshala,Himachal Pradesh,India"]
[Date "2014.05.13"]
[Round "7"]
[Board "5"]
[White "Sengupta, Deep"]
[Black "Laxman, R.R."]
[Result "1/2-1/2"]
[WhiteElo "2536"]
[BlackElo "2450"]
[PlyCount "103"]
[EventDate "2014.05.09"]
[EventRounds "13"]
[EventCountry "IND"]

1. d4 Nf6 2. c4 e6 3. Nc3 Bb4 4. f3 c5 5. d5 O-O 6. e4 Re8 7. Nge2 d6 8. Ng3 b5
9. Be2 bxc4 10. O-O Bxc3 11. bxc3 exd5 12. exd5 Nbd7 13. Bxc4 Nb6 14. Qb3 Bd7
15. Bg5 h6 16. Bxf6 Qxf6 17. Ne4 Qg6 18. a4 Rab8 19. Bb5 Nxa4 20. c4 a6 21.
Qxa4 axb5 22. Qa6 bxc4 23. Qxd6 Bf5 24. Qxc5 Bxe4 25. fxe4 Rb2 26. Rf2 Rxf2 27.
Qxf2 Qxe4 28. Qd2 Rd8 29. Rd1 Rd6 30. h3 g5 31. Qd4 Qxd4+ 32. Rxd4 c3 33. Kf2
c2 34. Rc4 Rxd5 35. Rxc2 h5 36. Rc3 Kg7 37. Kg3 Kg6 38. Ra3 h4+ 39. Kh2 Rd1 40.
Ra5 f6 41. Rb5 Re1 42. Ra5 f5 43. Ra6+ Kf7 44. Ra5 Kf6 45. Rb5 Ke6 46. Rb8 Rd1
47. Re8+ Kf6 48. Rg8 Rd6 49. Re8 Re6 50. Rg8 Re4 51. Kg1 Rf4 52. Kh2 1/2-1/2

[Event "52nd National Challengers (National â€˜Bâ€™) Chess Cha"]
[Site "Indoor Stadium,Dharamshala,Himachal Pradesh,India"]
[Date "2014.05.13"]
[Round "7"]
[Board "6"]
[White "Shyam, Nikil P."]
[Black "Kunte, Abhijit"]
[Result "1/2-1/2"]
[WhiteElo "2422"]
[BlackElo "2484"]
[PlyCount "32"]
[EventDate "2014.05.09"]
[EventRounds "13"]
[EventCountry "IND"]

1. Nf3 Nf6 2. b3 g6 3. Bb2 Bg7 4. g3 d5 5. c4 c6 6. Bg2 a5 7. O-O O-O 8. d3 a4
9. cxd5 Nxd5 10. Bxg7 Kxg7 11. e4 Nf6 12. b4 Bg4 13. Qc2 Bxf3 14. Bxf3 Na6 15.
a3 Nc7 16. Nc3 Ne6 1/2-1/2

[Event "52nd National Challengers (National â€˜Bâ€™) Chess Cha"]
[Site "Indoor Stadium,Dharamshala,Himachal Pradesh,India"]
[Date "2014.05.13"]
[Round "7"]
[Board "7"]
[White "Saravana, Krishnan P."]
[Black "Thejkumar, M. S."]
[Result "1/2-1/2"]
[WhiteElo "2289"]
[BlackElo "2460"]
[PlyCount "143"]
[EventDate "2014.05.09"]
[EventRounds "13"]
[EventCountry "IND"]

1. e4 c6 2. d4 d5 3. Nc3 dxe4 4. Nxe4 Nf6 5. Nxf6+ gxf6 6. Ne2 h5 7. Be3 Bf5 8.
Nc3 e6 9. Bd3 Qa5 10. a3 Bxd3 11. Qxd3 Nd7 12. O-O-O O-O-O 13. Ne4 Be7 14. Bd2
Qd5 15. Bb4 Bxb4 16. axb4 Nb6 17. Kb1 f5 18. Ng5 Rd7 19. Nf3 Rc7 20. g3 a5 21.
bxa5 Qxa5 22. Ne5 Rd8 23. Qb3 Re7 24. c4 f6 25. Nf3 Qa6 26. Qb4 Kd7 27. Nd2 Ke8
28. Kc2 Qa4+ 29. Qxa4 Nxa4 30. Nf3 Nb6 31. b3 Kf7 32. Rhe1 Nc8 33. Rd3 Nd6 34.
Nd2 b5 35. Ra1 Rb8 36. Ra6 Rc7 37. Re3 Rbb7 38. Re1 bxc4 39. bxc4 Rb4 40. Kc3
Rb8 41. Rea1 Rbb7 42. f3 Ke7 43. Nb3 Rb8 44. Nc5 e5 45. Re1 Nf7 46. Nd3 Kd6 47.
c5+ Kd5 48. Nb4+ Rxb4 49. Kxb4 exd4 50. f4 Nd8 51. Rea1 Rb7+ 52. Rb6 Rd7 53.
Rba6 Ne6 54. Ra7 Nxc5 55. Rxd7+ Nxd7 56. Ra7 c5+ 57. Kb5 Kd6 58. Rb7 Nf8 59.
Rb6+ Kd5 60. Rxf6 Nd7 61. Rxf5+ Ke6 62. Rxh5 d3 63. f5+ Kd6 64. Rh6+ Kd5 65.
Ra6 d2 66. Ra1 c4 67. Kb4 Kd4 68. Ra6 Ke5 69. Ra1 Kd4 70. Ra6 Kd5 71. Ra1 Kd4
72. Ra6 1/2-1/2

[Event "52nd National Challengers (National â€˜Bâ€™) Chess Cha"]
[Site "Indoor Stadium,Dharamshala,Himachal Pradesh,India"]
[Date "2014.05.13"]
[Round "7"]
[Board "8"]
[White "Swapnil, S. Dhopade"]
[Black "Lokesh, P."]
[Result "1/2-1/2"]
[WhiteElo "2434"]
[BlackElo "2253"]
[PlyCount "88"]
[EventDate "2014.05.09"]
[EventRounds "13"]
[EventCountry "IND"]

1. Nf3 Nf6 2. g3 e6 3. Bg2 c5 4. O-O d5 5. c4 d4 6. b4 cxb4 7. a3 Nc6 8. d3 a5
9. Nbd2 e5 10. axb4 Bxb4 11. Ba3 Bxa3 12. Rxa3 O-O 13. Qa1 Nd7 14. Rb1 Qc7 15.
e3 dxe3 16. fxe3 b6 17. d4 Bb7 18. Qc3 Nb4 19. Raa1 Rac8 20. Re1 Rfe8 21. Bh3
Rcd8 22. Bxd7 Rxd7 23. Nxe5 Rxe5 24. dxe5 Rd3 25. Qb2 Qc5 26. Ra3 Rd8 27. Re2
Nd3 28. Qc3 Nxe5 29. Rb3 Bc6 30. Kf1 Nd3 31. e4 a4 32. Rb1 b5 33. Qa5 Ra8 34.
Qc3 Rd8 35. Qa5 Ra8 36. Qc3 Ne5 37. Qe3 Qxe3 38. Rxe3 bxc4 39. Rc3 h6 40. Kf2
Rd8 41. Ke3 Ng4+ 42. Ke2 Ne5 43. Ke3 Ng4+ 44. Ke2 Ne5 1/2-1/2

[Event "52nd National Challengers (National â€˜Bâ€™) Chess Cha"]
[Site "Indoor Stadium,Dharamshala,Himachal Pradesh,India"]
[Date "2014.05.13"]
[Round "7"]
[Board "9"]
[White "Rathnakaran, K."]
[Black "Prasenjit, Datta"]
[Result "1-0"]
[WhiteElo "2397"]
[BlackElo "2208"]
[PlyCount "141"]
[EventDate "2014.05.09"]
[EventRounds "13"]
[EventCountry "IND"]

1. e4 d6 2. d4 Nf6 3. Nc3 Nbd7 4. Nf3 e5 5. Bc4 Be7 6. O-O O-O 7. Re1 c6 8. Bf1
b5 9. d5 b4 10. dxc6 bxc3 11. cxd7 cxb2 12. Bxb2 Bxd7 13. c4 Bc6 14. Bd3 Rb8
15. Bc3 Nd7 16. Re3 Nc5 17. Bc2 Bd7 18. Be1 Be6 19. Nd2 Bg5 20. Ra3 Qe7 21. Qe2
Rb4 22. Bb3 Rb7 23. Nb1 f5 24. exf5 Bxf5 25. Nc3 Bd3 26. Qh5 g6 27. Qg4 h5 28.
Qd1 e4 29. Bc2 Bxc4 30. Qd4 Bd3 31. Bb3+ Kh7 32. Nd5 Qg7 33. Qxg7+ Kxg7 34.
Bc3+ Kh6 35. g3 h4 36. Re1 Nxb3 37. axb3 h3 38. Nf4 Bxf4 39. gxf4 Rc8 40. Bd4
a6 41. f3 Rc2 42. fxe4 Rg2+ 43. Kh1 Rb4 44. Re3 Rxd4 45. Rxh3+ Kg7 46. Kxg2
Bxe4+ 47. Kf2 Bf5 48. Rf3 Rd2+ 49. Ke1 Rxh2 50. Rxa6 d5 51. Ra7+ Kf6 52. Ra6+
Kg7 53. Rc3 Rb2 54. Rd6 Be4 55. f5 Bxf5 56. Rxd5 Kh6 57. Rb5 Kg5 58. Kd1 Kf4
59. Rb4+ Ke5 60. Kc1 Rf2 61. Ra4 g5 62. Rc5+ Kd6 63. b4 g4 64. Ra6+ Kd7 65. Rf6
g3 66. Rcxf5 g2 67. Rd5+ Ke7 68. Rg6 Rf1+ 69. Rd1 Rf4 70. Rxg2 Rxb4 71. Re2+
 1-0

[Event "52nd National Challengers (National â€˜Bâ€™) Chess Cha"]
[Site "Indoor Stadium,Dharamshala,Himachal Pradesh,India"]
[Date "2014.05.13"]
[Round "7"]
[Board "10"]
[White "Ravi, Teja S."]
[Black "Abhishek, A"]
[Result "1-0"]
[WhiteElo "2345"]
[BlackElo "2123"]
[PlyCount "111"]
[EventDate "2014.05.09"]
[EventRounds "13"]
[EventCountry "IND"]

1. d4 Nf6 2. Nf3 g6 3. c4 Bg7 4. g3 O-O 5. Bg2 d6 6. Nc3 Nbd7 7. O-O e5 8. e4
exd4 9. Nxd4 Re8 10. h3 Nc5 11. Re1 a5 12. Bf4 Nfd7 13. Be3 Ne5 14. Bf1 Ne6 15.
Kh1 Nxd4 16. Bxd4 c5 17. Be3 Nc6 18. Bg2 Be6 19. Nb5 Bxb2 20. Rb1 Bd4 21. Nxd4
cxd4 22. Bxd4 Bxc4 23. Ba1 Qe7 24. Qc1 b5 25. Qb2 f6 26. e5 Nxe5 27. f4 Ra7 28.
Qd4 Rd8 29. Rbd1 Rad7 30. a4 Bb3 31. Bd5+ Bxd5+ 32. Qxd5+ Qf7 33. fxe5 dxe5 34.
Qxf7+ Kxf7 35. Rxd7+ Rxd7 36. axb5 Ke6 37. Rb1 Rb7 38. Bc3 a4 39. Ba5 Kd5 40.
Bd8 f5 41. b6 Kc4 42. Bc7 e4 43. Kg2 a3 44. Kf2 a2 45. Ra1 Kb3 46. Ke3 Kb2 47.
Rd1 Kc2 48. Ra1 Kb2 49. Rf1 Kc2 50. Rh1 Kb2 51. Re1 Kc2 52. Kd4 e3 53. Kxe3 Kc3
54. h4 Kb2 55. Kd3 Kb3 56. Kd4 1-0

[Event "52nd National Challengers (National â€˜Bâ€™) Chess Cha"]
[Site "Indoor Stadium,Dharamshala,Himachal Pradesh,India"]
[Date "2014.05.13"]
[Round "7"]
[Board "11"]
[White "Kumaran, B"]
[Black "Prince, Bajaj"]
[Result "1/2-1/2"]
[WhiteElo "2294"]
[BlackElo "2318"]
[PlyCount "43"]
[EventDate "2014.05.09"]
[EventRounds "13"]
[EventCountry "IND"]

1. e4 c5 2. Nf3 e6 3. d4 cxd4 4. Nxd4 Nc6 5. Nc3 Qc7 6. Be2 a6 7. O-O Nf6 8.
Be3 Be7 9. f4 d6 10. Bf3 O-O 11. Kh1 Re8 12. Qe1 Nxd4 13. Bxd4 e5 14. Be3 exf4
15. Bxf4 Be6 16. Qg3 Nd7 17. Bh5 Ne5 18. Ne2 g6 19. Nd4 Bf8 20. Be2 Bg7 21.
Rad1 Bc4 22. Bxc4 1/2-1/2

[Event "52nd National Challengers (National â€˜Bâ€™) Chess Cha"]
[Site "Indoor Stadium,Dharamshala,Himachal Pradesh,India"]
[Date "2014.05.13"]
[Round "7"]
[Board "12"]
[White "Harikrishna., S. R."]
[Black "Girinath, P.D.S."]
[Result "1/2-1/2"]
[WhiteElo "2039"]
[BlackElo "2312"]
[PlyCount "26"]
[EventDate "2014.05.09"]
[EventRounds "13"]
[EventCountry "IND"]

1. d4 f5 2. c4 Nf6 3. g3 e6 4. Bg2 Be7 5. Nf3 O-O 6. O-O a5 7. b3 d6 8. Bb2 Qe8
9. Nbd2 Nc6 10. a3 Bd8 11. c5 dxc5 12. e3 Nd5 13. dxc5 Bf6 1/2-1/2

[Event "52nd National Challengers (National â€˜Bâ€™) Chess Cha"]
[Site "Indoor Stadium,Dharamshala,Himachal Pradesh,India"]
[Date "2014.05.13"]
[Round "7"]
[Board "13"]
[White "Hemant, Sharma (del)"]
[Black "Murali Krishnan, B.T."]
[Result "1/2-1/2"]
[WhiteElo "2267"]
[BlackElo "2299"]
[PlyCount "23"]
[EventDate "2014.05.09"]
[EventRounds "13"]
[EventCountry "IND"]

1. c4 e6 2. Nf3 Nf6 3. g3 b6 4. Bg2 Bb7 5. b3 Be7 6. Bb2 d5 7. e3 c5 8. cxd5
Nxd5 9. d4 Nd7 10. Nc3 Rc8 11. Nxd5 Bxd5 12. Qe2 1/2-1/2

[Event "52nd National Challengers (National â€˜Bâ€™) Chess Cha"]
[Site "Indoor Stadium,Dharamshala,Himachal Pradesh,India"]
[Date "2014.05.13"]
[Round "7"]
[Board "14"]
[White "Krishna Teja, N"]
[Black "Venkatesh, M.R."]
[Result "1/2-1/2"]
[WhiteElo "2206"]
[BlackElo "2519"]
[PlyCount "55"]
[EventDate "2014.05.09"]
[EventRounds "13"]
[EventCountry "IND"]

1. Nf3 Nf6 2. g3 g6 3. Bg2 Bg7 4. O-O O-O 5. d4 d6 6. a4 Nbd7 7. Nbd2 e5 8.
dxe5 dxe5 9. e4 b6 10. b3 Re8 11. Re1 Bf8 12. Bb2 Bc5 13. Bh3 Bb7 14. a5 a6 15.
c3 b5 16. b4 Ba7 17. c4 bxc4 18. Qc2 c5 19. Nxc4 Qc7 20. bxc5 Nxc5 21. Bxe5
Rxe5 22. Ncxe5 Bxe4 23. Qc4 Rf8 24. Nd7 Nfxd7 25. Rxe4 Qb7 26. Rf4 Bb8 27. Rd4
Be5 28. Rxd7 1/2-1/2

[Event "52nd National Challengers (National â€˜Bâ€™) Chess Cha"]
[Site "Indoor Stadium,Dharamshala,Himachal Pradesh,India"]
[Date "2014.05.13"]
[Round "7"]
[Board "15"]
[White "Joshi, Govind Ballabh"]
[Black "Deepan, Chakkravarthy J."]
[Result "0-1"]
[WhiteElo "2158"]
[BlackElo "2513"]
[PlyCount "104"]
[EventDate "2014.05.09"]
[EventRounds "13"]
[EventCountry "IND"]

1. d4 Nf6 2. c4 e6 3. Nc3 Bb4 4. e3 O-O 5. Nge2 d5 6. a3 Be7 7. cxd5 exd5 8.
Nf4 c6 9. Bd3 a5 10. O-O Re8 11. Qc2 Nbd7 12. Nce2 Nf8 13. Ng3 Bd6 14. Bd2 Ng6
15. Rfe1 Bd7 16. Rab1 Ng4 17. Bf5 Bxf5 18. Nxf5 Nxf4 19. exf4 Rxe1+ 20. Rxe1
Bf8 21. f3 Nf6 22. Qb3 Qd7 23. Qd3 Ne8 24. g3 Nc7 25. Ne3 a4 26. f5 Nb5 27. f6
g6 28. Ng4 Re8 29. Re5 h5 30. Rxe8 Qxe8 31. Ne5 c5 32. Be3 c4 33. Qd2 c3 34.
bxc3 Nxa3 35. Bh6 Nc4 36. Qg5 Nxe5 37. dxe5 a3 38. Bxf8 a2 39. Qc1 Qxf8 40. Kg2
Kh7 41. Qa1 Qa3 42. c4 dxc4 43. e6 fxe6 44. Qe5 a1=Q 45. Qc7+ Kh6 46. Qg7+ Kg5
47. h4+ Kf5 48. g4+ hxg4 49. fxg4+ Ke4 50. Qxb7+ Ke5 51. Qb5+ Kxf6 52. g5+ Kf7
 0-1

[Event "52nd National Challengers (National â€˜Bâ€™) Chess Cha"]
[Site "Indoor Stadium,Dharamshala,Himachal Pradesh,India"]
[Date "2014.05.14"]
[Round "8"]
[Board "1"]
[White "Vidit, Santosh Gujrathi"]
[Black "Karthikeyan, Murali"]
[Result "1-0"]
[WhiteElo "2606"]
[BlackElo "2475"]
[PlyCount "127"]
[EventDate "2014.05.09"]
[EventRounds "13"]
[EventCountry "IND"]

1. e4 c5 2. Nf3 e6 3. g3 Nc6 4. Bg2 Nf6 5. Qe2 d6 6. O-O Be7 7. c3 O-O 8. d4
cxd4 9. cxd4 d5 10. e5 Ne4 11. Nbd2 Nxd2 12. Bxd2 Bd7 13. h4 Rc8 14. Rfd1 Qb6
15. Bc3 a5 16. Ng5 Na7 17. Qd2 a4 18. Bf1 Bb5 19. Bd3 h6 20. Nf3 Qa6 21. Qe3
Bxd3 22. Rxd3 Nb5 23. a3 Rc6 24. Be1 Rc2 25. Rd2 Rfc8 26. Qd3 R8c4 27. Rad1 Bd8
28. Qe3 Rc1 29. Kg2 Rxd1 30. Rxd1 Rc2 31. Bb4 Qc6 32. b3 axb3 33. Qxb3 Qc4 34.
Qxc4 dxc4 35. Ne1 Ra2 36. d5 Bb6 37. d6 Rxf2+ 38. Kh3 Nd4 39. Bc3 Nc6 40. Rb1
Ba5 41. Bxa5 Nxa5 42. Rb5 Nc6 43. Rxb7 Kh7 44. d7 Rd2 45. Nf3 Rd3 46. Kg2 c3
47. Rc7 Nb8 48. Rxc3 Rxd7 49. Kf2 Rd5 50. Ke3 Nd7 51. Rd3 Nxe5 52. Rxd5 Nc4+
53. Kd4 exd5 54. a4 f6 55. h5 g6 56. g4 g5 57. Nh2 Kg7 58. Nf1 f5 59. gxf5 Kf6
60. Ne3 Ne5 61. Kxd5 g4 62. a5 g3 63. a6 Nd7 64. a7 1-0

[Event "52nd National Challengers (National â€˜Bâ€™) Chess Cha"]
[Site "Indoor Stadium,Dharamshala,Himachal Pradesh,India"]
[Date "2014.05.14"]
[Round "8"]
[Board "2"]
[White "Grover, Sahaj"]
[Black "Sengupta, Deep"]
[Result "1/2-1/2"]
[WhiteElo "2469"]
[BlackElo "2536"]
[PlyCount "42"]
[EventDate "2014.05.09"]
[EventRounds "13"]
[EventCountry "IND"]

1. e4 c5 2. Nf3 e6 3. d4 cxd4 4. Nxd4 Nc6 5. Nc3 Qc7 6. Be3 a6 7. Qf3 b5 8. Qg3
Qxg3 9. hxg3 Bb7 10. Nxc6 Bxc6 11. Bd3 Nf6 12. f3 Bb4 13. Bd4 d6 14. e5 Bxc3+
15. Bxc3 Nd5 16. Be4 dxe5 17. Bxe5 f6 18. Bd4 Kf7 19. c3 h6 20. Kf2 Rhd8 21.
Rhd1 Rac8 1/2-1/2